000
00298nam a22001337a 4500
008
170530b xxu||||| |||| 00| 0 eng d
020
_a
9781595581792
041
_a
eng
080
_a
94
100
_a
17
101
_a
SHH
245
_a
MATTHEW CARR THE INFERNAL MACHINE
_c
CARR,M
942
_2
udc
_c
BK
999
_c
15026
_d
15026